Fugazi Quiz - Statistics

General Stats
  • This quiz has been taken 9 times
  • The average score is 9 of 12
Answer Stats
Hint Answer % Correct
Guitar/Vocals Ian MacKaye
100%
1989 13 Songs
86%
1993 In on the Kill Taker
86%
1999 Instrument Soundtrack
86%
1995 Red Medicine
86%
1990 Repeater
86%
2001 The Argument
86%
Drums Brendan Canty
71%
Guitar/Vocals Guy Picciotto
71%
Bass Joe Lally
71%
1998 End Hits
57%
1991 Steady Diet of Nothing
43%
No matching quizzes found
Score Distribution
Percent of People with Each Score
Percentile by Number Answered
Your Score History
You have not taken this quiz